000 00635nam a2200193Ia 4500
008 151121s9999||||xx |||||||||||||| ||und||
082 _a811/साठे
082 _bHNW-13029
100 _aसाठे शं।गो।
245 _aचिंचा आणि बोरे
260 _b"एन। के। पब्लिशिंग हाऊस, पुणे।"
260 _c--
300 _a99
600 _aसाठे शं।गो।
630 _aचिंचा आणि बोरे
700 _aसाठे शं।गो।
730 _aचिंचा आणि बोरे
942 _cBOOK
999 _c1217313
_d1217310